| 000 | 01320nam a2200277 i 4500 | ||
|---|---|---|---|
| 001 | 000008182 | ||
| 003 | DO-SdBNP | ||
| 005 | 20240904122151.0 | ||
| 008 | 090915s1945 dr 000 p spa d | ||
| 040 |
_aDO-SdBNP _bspa _cBNPHU _erda |
||
| 041 | _aspa | ||
| 082 | 4 |
_a808.5 _bH519p 1945 _222 |
|
| 100 | 1 |
_aHenríquez Valdes, Diego, _984976 _4aut. _eautor |
|
| 245 | 1 | 0 |
_aPanoplia lírica / _cDiego Henríquez Valdez. |
| 264 |
_aCiudad Trujillo, República Dominicana : _b[Editorial Stella], _c1945. |
||
| 300 |
_a103 páginas ; _c22 cm. |
||
| 500 | _aIncluye notas al pie de las páginas | ||
| 500 | _aEn la portada : Con los poemas del programa no. 1. | ||
| 505 |
_aServio Ducoudray, Félix, 1924-1989 / _tAcuarela -- _rVizardi, Ligio / _tCuando ya no me quieras -- _rNervo, Amado, 1870-1919 / _tEl día que me quieras _rLara, Maria Victoria de / _tLa princesa Margarita -- _rPedroni, José, 1899-1968 / _tMaternidad / _rHugo Victor , 1802-1885 / _tEl aparecido -- _rSantos Chocano, José, 1875-1934 / _tLa elegía del órgano -- _rMorel, Emilio A. 1854-1903 / _tSan Francisco de Asís entre pájaros -- |
||
| 590 | _aInventariado, 2024/MFF | ||
| 650 | 4 |
_aElocución _922191 |
|
| 650 | 4 |
_aPoesía hispanoamericana _922192 |
|
| 650 | 4 | _aPoesía dominicana | |
| 910 | _aValidado. Control de calidad MFF | ||
| 942 |
_2ddc _cLBS1 |
||
| 999 |
_c7957 _d7957 |
||